000 00436nam a22001817a 4500
003 MPLRDC
005 20220104124628.0
008 210129b ||||| |||| 00| 0 eng d
020 _a7-5431-0040-1
082 _a733.8 LZS
100 _a刘泽生
245 _a香港古今
_c
250 _a一版一刷
260 _a
_b广州文化出版社
_c1988
300 _b
650 _a东亚诸岛屿--香港
942 _cBK
_o733.8 LZS
999 _c20873
_d20863